000 00751cam a2200217 a 4500
001 000019607
005 20200929170056.0
008 100310s1955 sp 000 0 spa d
040 _aDO-SdBNP
_bspa
_cBNPHU
082 _a863.3
_bC352g
100 1 _aCastillo Solórzano,
_d1584 -1648
_942042
245 1 3 _aLa garduña de Sevilla y anzuelo de las bolsas /
_cAlonso de Castillo Solórzano.
260 _aBuenos Aires, (Argentina) :
_bEditorial Espasa-Calpe Argentina,
_c1955.
300 _a211, [12] p. ;
_c18 cm.
490 1 _aAustral. Gris: clásicos
_v1249
500 _aIncluye índice de autores.
650 4 _aNovela española
_91123
650 4 _aLiteratura española
_9632
830 0 _aAustral.
_pGris: clásicos;
_v1249
_98199
049 _aBNGR
999 _c19123
_d19123